| 000 | 00703cam a22002653a 4500 | ||
|---|---|---|---|
| 001 | 30020 | ||
| 003 | PGUSA | ||
| 005 | 20140828083640.0 | ||
| 008 | 090918s2009||||xxu|||||s|||||000 | eng d | ||
| 040 |
_aPGUSA _beng |
||
| 042 | _adc | ||
| 050 | 4 | _aPZ | |
| 245 | 1 | 4 |
_aThe Matsuyama Mirror _h[electronic resource] |
| 260 |
_bProject Gutenberg, _c2009 |
||
| 506 | _aPublic domain in the USA. | ||
| 516 | _aElectronic text | ||
| 653 | _aFairy tales | ||
| 653 | _aFolklore -- Japan | ||
| 700 | 1 |
_aJames, T. H., _cMrs |
|
| 700 | 1 |
_aEitaku, _d1843-1890 |
|
| 740 | 0 | _aMatsuyama kagami. English | |
| 830 | 0 |
_aProject Gutenberg _v30020 |
|
| 856 | 4 | 0 | _uhttp://www.gutenberg.org/ebooks/30020 |
| 942 | _cEB | ||
| 999 |
_c259275 _d259275 |
||